Provincias de España que nunca han tenido equipo en 1º División - Estadísticas

Estadísticas generales
  • Esta prueba ha sido intentada 113 veces
  • La puntuación promedio es 12 de 14
Estadísticas de respuestas
Respuesta % Correcto
Cuenca
93%
Orense
92%
Teruel
92%
Palencia
91%
Toledo
91%
Zamora
91%
Ciudad Real
89%
Ávila
88%
Cáceres
88%
Segovia
88%
Lugo
85%
Guadalajara
82%
Ceuta
76%
Melilla
76%
No se encontraron pruebas coincidentes
Distribución de puntuación
Porcentaje de gente con cada puntuación
Porcentaje por número respondido
Historial de tus puntuaciones
No has intentado esta prueba.